000 01077cab a2200253 4500
001 WB3404-13
008 090401t1998 xxu||||| |||| 00| 0 eng d
035 _a(Sirsi) u83371
041 _aeng
245 _aCommercial property survey
260 _c1998
350 _a0
490 _aRICS Press Release
_v(pr07.com) 26 January 1998 (3)
520 _aThe latest RICS commercial property survey shows that confidence in the sector rose over the last quarter of 1997. Industrial property saw the biggest boost after a general increase in demand for premises. Copies of the survey available from RICS Library, price £30.
650 _aPROPERTY-COMMERCIAL PROPERTY-COMMERCIAL PROPERTY MARKET
650 _aCOMMERCIAL PROPERTY SURVEY
650 _aINDUSTRIAL MARKET
650 _aPROPERTY-COMMERCIAL PROPERTY-OFFICE PROPERTY-OFFICE PROPERTY MARKET
650 _aPROPERTY-COMMERCIAL PROPERTY-RETAIL PROPERTY-RETAIL PROPERTY MARKET
650 _aRICS SURVEYS
690 _aPROPERTY-COMMERCIAL PROPERTY-COMMERCIAL PROPERTY MARKET
942 _n0
948 _c28/01/1998
999 _c52655
_d52655